00426nam a22001577a 450000500170000001000150001702000180003203500140005003700130006408200200007710000200009724500610011726000270017827000430020530000200024820230912102424.0 aENG-137832 c9788177421033 aEN-121364 bDBAD/PUB a704.94894309581 aSharma, Nirmala aBamiyan, Hariti and Kindred iconics /bBy Nirmala Sharma bAditya prakashanc2011 bNew Delhi - 110002a2/18, Ansari Road  a286.c28CM(pbk)